000 00307nam a22001337a 4500
008 180918b xxu||||| |||| 00| 0 eng d
020 _a9780471689348
041 _aeng
080 _a611
100 _a6
101 _aANA
245 _aPrinciples of Anatomy and Physiology
_cTortora, G.J
942 _2udc
_cBK
999 _c47968
_d47968